000 00257nam a22001217a 4500
008 180917b xxu||||| |||| 00| 0 eng d
041 _aeng
080 _a94
100 _a16
101 _aHIS
245 _aThe book of Europe
_cBeazley,M
942 _2udc
_cBK
999 _c47835
_d47835